Harmony row /

Saved in:
Bibliographic Details
Main Author: Carroll, Kay
Format: Book
Language:English
Published: London : Hutchinson, 1950.
LEADER 00669nam a22001937a 4500
001 c000114848
003 CARM
005 19991214160808.0
008 990603s1950 enk 000 1 eng d
019 1 |a 20109652  |5 LACONCORD2021 
035 |a (OCoLC)30160482  |5 LACONCORD2021 
040 |a VCAV  |b eng  |c VCAV 
100 1 |a Carroll, Kay. 
245 1 0 |a Harmony row /  |c by Kay Carroll. 
260 |a London :  |b Hutchinson,  |c 1950. 
300 |a 256 p. 
852 8 |b CARM  |h A2:AK05G0  |i A02574  |p 0161703  |f BK 
999 f f |i 42e760aa-e3d8-528c-82ff-8ec5cb5dfe1a  |s c789b27a-9db6-5f3a-b087-ba15c72b138e 
952 f f |p Can circulate  |a CAVAL  |b CAVAL  |c CAVAL  |d CARM 1 Store  |e A02574  |f A2:AK05G0  |h Other scheme  |i book  |m 0161703